[Event "WECU Championship"]
[Site "Exmouth"]
[Date "2004.04.09"]
[Round "1"]
[White "Hamperl, Fred"]
[Black "Neat, Roger"]
[Result "1/2-1/2"]
[WhiteElo "1960"]
[BlackElo "1600"]
[PlyCount "65"]
[EventDate "2004.??.??"]

1. e4 c5 2. Nc3 d6 3. f4 Nf6 4. Nf3 a6 5. g3 Nc6 6. Bg2 e6 7. d4 cxd4 8. Nxd4
Qc7 9. Be3 Be7 10. O-O O-O 11. Nxc6 bxc6 12. Qd4 c5 13. Qc4 Bb7 14. Rad1 Rfc8
15. f5 e5 16. Bg5 Rab8 17. Bxf6 Bxf6 18. b3 Be7 19. Nd5 Bxd5 20. Rxd5 Qa5 21.
a4 Rb4 22. Qe2 Qb6 23. f6 c4+ 24. Kh1 Bf8 25. fxg7 Bxg7 26. Qg4 Rd8 27. a5 Qc7
28. Qe2 cxb3 29. cxb3 Qb7 30. Qd2 Rxb3 31. Rxd6 Rxd6 32. Qxd6 Rb1 33. Qd8+
1/2-1/2

[Event "WECU Championship"]
[Site "Exmouth"]
[Date "2004.04.09"]
[Round "1"]
[White "Barlow, R."]
[Black "Bareham, DC."]
[Result "0-1"]
[WhiteElo "1760"]
[BlackElo "1984"]
[PlyCount "68"]
[EventDate "2004.??.??"]

1. e4 c5 2. Nf3 d6 3. Bb5+ Nd7 4. O-O Ngf6 5. Re1 a6 6. Bf1 e6 7. c3 Be7 8. d4
b5 9. Bg5 Bb7 10. Nbd2 h6 11. Bh4 g5 12. Bg3 Nh5 13. a4 Nxg3 14. hxg3 cxd4 15.
Nxd4 bxa4 16. Qxa4 Kf8 17. Bc4 Qc8 18. Qd1 Ne5 19. Be2 Kg7 20. f4 Nc6 21. Bd3
Nxd4 22. cxd4 e5 23. fxe5 dxe5 24. d5 Bc5+ 25. Kh2 h5 26. Rc1 h4 27. b4 Bf2 28.
g4 Qd7 29. Rf1 Bg3+ 30. Kh3 Bc8 31. Be2 Rb8 32. Rc4 Bf4 33. Bf3 Rh6 34. Nb3 Be3
0-1

[Event "WECU Championship"]
[Site "Exmouth"]
[Date "2004.04.09"]
[Round "1"]
[White "Shire, David"]
[Black "Simons, Martin"]
[Result "0-1"]
[WhiteElo "1904"]
[BlackElo "2256"]
[PlyCount "80"]
[EventDate "2004.??.??"]

1. d4 Nf6 2. c4 c5 3. d5 b5 4. Nf3 g6 5. cxb5 a6 6. b6 a5 7. Nc3 Ba6 8. e4 Bxf1
9. Kxf1 d6 10. g3 Qxb6 11. Kg2 Nbd7 12. Re1 Bg7 13. Qe2 O-O 14. Bf4 Rfb8 15.
Rab1 Qa6 16. Qxa6 Rxa6 17. h3 Rab6 18. b3 Rb4 19. g4 Nxg4 20. Bd2 Nge5 21. Nxe5
Nxe5 22. Na4 R4b5 23. Nc3 R5b7 24. Rbd1 c4 25. bxc4 Nxc4 26. Ne2 Rb2 27. Bc3
Bxc3 28. Nxc3 Rc2 29. Rc1 Rbb2 30. Rxc2 Rxc2 31. Nb5 Rxa2 32. Nd4 Ne5 33. Rc1
Nd3 34. Rc8+ Kg7 35. Nc6 Nxf2 36. Kf3 Nxh3 37. Nxe7 Ng5+ 38. Kf4 Nxe4 39. Rg8+
Kf6 40. Nc8 Ra4 0-1

[Event "WECU Championship"]
[Site "Exmouth"]
[Date "2004.04.09"]
[Round "1"]
[White "Rudd, Jack"]
[Black "Fallowfield, Nicholas"]
[Result "1-0"]
[WhiteElo "2256"]
[BlackElo "1904"]
[PlyCount "41"]
[EventDate "2004.??.??"]

1. e4 Nf6 2. Nc3 d5 3. e5 Ne4 4. Nce2 f6 5. d3 Ng5 6. Bxg5 fxg5 7. h4 g4 8. Nf4
g6 9. d4 Bh6 10. g3 O-O 11. h5 Bxf4 12. gxf4 Rxf4 13. hxg6 hxg6 14. Qd2 Qf8 15.
Bd3 c5 16. Ne2 Rxf2 17. Qg5 Bf5 18. Kxf2 Bxd3+ 19. Nf4 Be4 20. Rh6 Nc6 21. Rah1
1-0

[Event "WECU Championship"]
[Site "Exmouth"]
[Date "2004.04.09"]
[Round "1"]
[White "Ponter, Ian"]
[Black "Turner, Matthew"]
[Result "0-1"]
[WhiteElo "1920"]
[BlackElo "2512"]
[PlyCount "73"]
[EventDate "2004.??.??"]

1. e4 c5 2. c3 d5 3. exd5 Qxd5 4. d4 Nf6 5. Nf3 Nc6 6. Be2 cxd4 7. cxd4 e6 8.
O-O Be7 9. Nc3 Qd6 10. h3 O-O 11. a3 b6 12. Be3 Bb7 13. Qd2 Na5 14. Nb5 Qd8 15.
Qd1 Nd5 16. b4 Nc6 17. Rc1 a5 18. bxa5 Nxa5 19. a4 Bf6 20. Nd2 Nxe3 21. fxe3
Bg5 22. Rc3 Rc8 23. Rd3 Bd5 24. e4 Bc6 25. Na7 Bxe4 26. Nxe4 Rc1 27. Qxc1 Bxc1
28. Rxc1 Qa8 29. Nc6 Nxc6 30. Bf3 Qa6 31. Rdd1 Nb4 32. Rc7 Nd5 33. Rcc1 Qxa4
34. Nc3 Nxc3 35. Rxc3 g6 36. d5 exd5 37. Bxd5 0-1

[Event "WECU Championship"]
[Site "Exmouth"]
[Date "2004.04.09"]
[Round "1"]
[White "Jamieson, Ian"]
[Black "Gosling, Brian"]
[Result "0-1"]
[WhiteElo "2064"]
[BlackElo "1792"]
[PlyCount "44"]
[EventDate "2004.??.??"]

1. b3 d5 2. Bb2 Bf5 3. g3 e6 4. Bg2 Nf6 5. d3 Bc5 6. h3 O-O 7. Nd2 c6 8. e4
dxe4 9. dxe4 Bg6 10. Qe2 e5 11. Ngf3 Nbd7 12. O-O Re8 13. a3 a5 14. c3 b5 15.
b4 axb4 16. axb4 Rxa1 17. Rxa1 Bb6 18. Kh2 h6 19. Nh4 Kh7 20. f3 Nh5 21. Bf1
Nxg3 22. Kxg3 Qg5+ 0-1

[Event "WECU Championship"]
[Site "Exmouth"]
[Date "2004.04.09"]
[Round "1"]
[White "Wynarczyk, Raymond"]
[Black "Dilleigh, Stephen"]
[Result "0-1"]
[WhiteElo "1832"]
[BlackElo "2064"]
[PlyCount "154"]
[EventDate "2004.??.??"]

1. e4 d6 2. d4 Nf6 3. Nc3 g6 4. f4 Bg7 5. Nf3 O-O 6. e5 Nfd7 7. Ng5 h6 8. Nxf7
Rxf7 9. e6 Rf8 10. exd7 Nxd7 11. Bd3 e5 12. dxe5 dxe5 13. O-O Nc5 14. Bxg6 Qxd1
15. Nxd1 exf4 16. Rxf4 Bd7 17. c3 Bb5 18. Nf2 Rad8 19. Rxf8+ Bxf8 20. Be3 Be8
21. Bf5 h5 22. Rd1 Rxd1+ 23. Nxd1 Bf7 24. a3 b6 25. Nf2 Na4 26. Nd1 Bb3 27. Nf2
Nxb2 28. Ne4 Bxa3 29. Nf6+ Kf7 30. Nxh5 Nc4 31. Be4 c5 32. Bf2 Bb2 33. g4 Bxc3
34. g5 Nd6 35. g6+ Kg8 36. Bb1 Bd5 37. Bg3 Ne4 38. Nf4 Bd4+ 39. Kg2 Nd2+ 40.
Nxd5 Nxb1 41. Bb8 a5 42. Nxb6 Kg7 43. Na4 c4 44. Bc7 c3 45. Nxc3 Bxc3 46. Bxa5
Bxa5 47. Kf3 Kxg6 48. Kg2 Nc3 49. Kf3 Kf5 50. Kg2 Kg4 51. Kf1 Bc7 52. Kg2 Ne4
53. h3+ Kh4 54. Kf3 Ng5+ 55. Ke3 Kxh3 56. Kd4 Kg4 57. Kd5 Kf5 58. Kc6 Be5 59.
Kd5 Nf3 60. Kc5 Ke4 61. Kc6 Kd4 62. Kb5 Kd5 63. Kb4 Nd2 64. Kb5 Bd4 65. Kb4 Kc6
66. Ka3 Kb5 67. Ka2 Be5 68. Ka3 Kc4 69. Ka4 Bc3 70. Ka3 Ne4 71. Ka4 Nc5+ 72.
Ka3 Kd3 73. Ka2 Kc2 74. Ka3 Bd2 75. Ka2 Bb4 76. Ka1 Nd3 77. Ka2 Nc1+ 0-1

[Event "WECU Championship"]
[Site "Exmouth"]
[Date "2004.04.09"]
[Round "1"]
[White "Sherwin, James"]
[Black "Taylor, Geoffrey P"]
[Result "1-0"]
[WhiteElo "2232"]
[BlackElo "1872"]
[PlyCount "67"]
[EventDate "2004.??.??"]

1. Nf3 d5 2. c4 c6 3. e3 Nf6 4. Nc3 e6 5. d4 Bd6 6. Qc2 O-O 7. Bd3 Nbd7 8. O-O
h6 9. Rd1 Qe7 10. h3 e5 11. cxd5 cxd5 12. dxe5 Nxe5 13. Nd4 Nxd3 14. Qxd3 Rd8
15. Nf5 Bxf5 16. Qxf5 g6 17. Qf3 Qe5 18. g3 Bf8 19. Bd2 Bg7 20. Be1 a6 21. Rd3
Rac8 22. Rad1 Qe6 23. Kg2 h5 24. b3 Nh7 25. h4 Nf6 26. Nxd5 Nxd5 27. Rxd5 Rxd5
28. Qxd5 Qxd5+ 29. Rxd5 Rc2 30. Rd8+ Kh7 31. Rd7 Rxa2 32. Rxf7 Kg8 33. Rxb7 Rb2
34. Rxg7+ 1-0

[Event "WECU Championship"]
[Site "Exmouth"]
[Date "2004.04.09"]
[Round "2"]
[White "Taylor, Geoffrey P"]
[Black "Jamieson, Ian"]
[Result "1-0"]
[WhiteElo "1872"]
[BlackElo "2064"]
[PlyCount "101"]
[EventDate "2004.??.??"]

1. e4 e6 2. d4 d5 3. e5 c5 4. c3 Qb6 5. Nf3 Nc6 6. a3 c4 7. Nbd2 Na5 8. Be2 Bd7
9. O-O O-O-O 10. Rb1 Nb3 11. Nxb3 Ba4 12. Bg5 Be7 13. Qd2 Bxb3 14. Bxe7 Nxe7
15. Ng5 Rdf8 16. f4 h6 17. Nf3 Qc6 18. Rf2 Qa4 19. Rc1 g6 20. Ne1 h5 21. Nf3
Nf5 22. Ng5 Qd7 23. g3 Qe7 24. Bf1 a5 25. Bh3 b5 26. Bxf5 gxf5 27. h4 Kd7 28.
Rff1 Rb8 29. Ra1 Ke8 30. Kg2 Kf8 31. Rfc1 Kg7 32. Qe2 Kh6 33. Nf3 Rhg8 34. Ng5
Rb6 35. Kh2 Rgb8 36. Rcb1 b4 37. axb4 axb4 38. Qd2 Kg6 39. Kh3 Qb7 40. Ra5 bxc3
41. Qxc3 Ra6 42. Rba1 Rxa5 43. Qxa5 Bc2 44. Qc5 Qb4 45. Qc7 Rf8 46. Nxe6 Ra8
47. Rxa8 Qe1 48. Rg8+ Kh6 49. Rh8+ Kg6 50. Nf8+ Kg7 51. Rh7+ 1-0

[Event "WECU Championship"]
[Site "Exmouth"]
[Date "2004.04.09"]
[Round "2"]
[White "Neat, Roger"]
[Black "Talbot, Andrew R"]
[Result "1/2-1/2"]
[WhiteElo "1600"]
[BlackElo "1936"]
[PlyCount "25"]
[EventDate "2004.??.??"]

1. d4 Nf6 2. Nf3 g6 3. Bf4 Bg7 4. e3 O-O 5. Nbd2 c5 6. c3 d6 7. h3 Nc6 8. Be2
Re8 9. O-O e5 10. dxe5 dxe5 11. Bg5 e4 12. Nh2 Bf5 13. Bb5 1/2-1/2

[Event "WECU Championship"]
[Site "Exmouth"]
[Date "2004.04.09"]
[Round "2"]
[White "Wynarczyk, Raymond"]
[Black "Ponter, Ian"]
[Result "1-0"]
[WhiteElo "1832"]
[BlackElo "1920"]
[PlyCount "53"]
[EventDate "2004.??.??"]

1. e4 e5 2. Nf3 Nc6 3. Bb5 a6 4. Ba4 Nf6 5. Qe2 b5 6. Bb3 Be7 7. c3 O-O 8. O-O
d6 9. h3 Na5 10. Bc2 c5 11. d3 Qc7 12. Bg5 Nc6 13. Nbd2 Kh8 14. Rfd1 Ng8 15.
Nf1 f5 16. Ne3 Nf6 17. exf5 Bb7 18. Nh4 Kg8 19. Bb3+ Kh8 20. Bxf6 Bxf6 21. Ng6+
hxg6 22. fxg6 Bg5 23. Qh5+ Bh6 24. Ng4 Rf5 25. Qxf5 Qc8 26. Nxh6 gxh6 27. Qf7
1-0

[Event "WECU Championship"]
[Site "Exmouth"]
[Date "2004.04.09"]
[Round "2"]
[White "Fallowfield, Nicholas"]
[Black "Barlow, R."]
[Result "1/2-1/2"]
[WhiteElo "1904"]
[BlackElo "1760"]
[PlyCount "41"]
[EventDate "2004.??.??"]

1. e4 d5 2. exd5 Qxd5 3. Nc3 Qa5 4. d4 c6 5. Nf3 Bf5 6. Bc4 e6 7. O-O Nf6 8.
Ne5 Bd6 9. Bf4 Qc7 10. Re1 Nbd7 11. Bg3 Nb6 12. Bd3 O-O-O 13. a4 Bxd3 14. Qxd3
Nbd5 15. Nxd5 exd5 16. f3 Rhf8 17. c3 a6 18. b4 Nh5 19. b5 c5 20. dxc5 Bxc5+
21. Bf2 1/2-1/2

[Event "WECU Championship"]
[Site "Exmouth"]
[Date "2004.04.09"]
[Round "2"]
[White "Horner, Robin M"]
[Black "Hamperl, Fred"]
[Result "1/2-1/2"]
[WhiteElo "1928"]
[BlackElo "1960"]
[PlyCount "36"]
[EventDate "2004.??.??"]

1. e4 c5 2. Nc3 Nc6 3. Nf3 d6 4. d4 cxd4 5. Nxd4 e5 6. Nb3 Be7 7. Be2 f5 8.
exf5 Bxf5 9. Bd3 Bxd3 10. Qxd3 Nf6 11. Bg5 O-O 12. O-O-O Rc8 13. Bxf6 Rxf6 14.
Qe2 a5 15. Nd5 Rg6 16. Qc4 Kh8 17. Qe4 b5 18. Kb1 a4 1/2-1/2

[Event "WECU Championship"]
[Site "Exmouth"]
[Date "2004.04.09"]
[Round "2"]
[White "Simons, Martin"]
[Black "Bass, JW."]
[Result "1/2-1/2"]
[WhiteElo "2256"]
[BlackElo "1928"]
[PlyCount "89"]
[EventDate "2004.??.??"]

1. e4 e6 2. d3 d5 3. Nd2 Nf6 4. Ngf3 Nc6 5. c3 dxe4 6. dxe4 e5 7. Bc4 Bd6 8.
O-O O-O 9. Re1 Qe7 10. Nf1 Be6 11. Qe2 h6 12. Ng3 a6 13. Nh4 Bxc4 14. Qxc4 Qe6
15. Qe2 Rfe8 16. Nhf5 Bf8 17. Nh5 Nxh5 18. Qxh5 Qg6 19. Qxg6 fxg6 20. Ne3 Rad8
21. Nd5 Bd6 22. Be3 Ne7 23. c4 c6 24. Nb6 g5 25. Red1 Ng6 26. Rd2 Bc7 27. Rad1
Bxb6 28. Bxb6 Rxd2 29. Rxd2 Nf8 30. f3 Re7 31. Kf2 Rd7 32. Ke3 Kf7 33. Rxd7+
Nxd7 34. Bc7 Ke6 35. Kd2 Nc5 36. b3 Nd7 37. Ke3 Kf6 38. h4 gxh4 39. Bd8+ Ke6
40. Bxh4 g5 41. Be1 Nf6 42. Bb4 Nd7 43. Kf2 Kf7 44. Kg3 h5 45. Ba3 1/2-1/2

[Event "WECU Championship"]
[Site "Exmouth"]
[Date "2004.04.09"]
[Round "2"]
[White "Turner, Matthew"]
[Black "Dilleigh, Stephen"]
[Result "1-0"]
[WhiteElo "2512"]
[BlackElo "2064"]
[PlyCount "83"]
[EventDate "2004.??.??"]

1. c4 g6 2. g3 Bg7 3. Bg2 Nf6 4. Nc3 O-O 5. e4 c5 6. Nge2 Nc6 7. O-O d6 8. a3
Ne8 9. Rb1 a5 10. d3 Nc7 11. Be3 Ne6 12. Qd2 Bd7 13. Bh6 Ned4 14. Bxg7 Kxg7 15.
Nb5 Nxb5 16. cxb5 Nd4 17. a4 Nxe2+ 18. Qxe2 e5 19. f4 f6 20. h4 h6 21. Kh2 b6
22. Rf2 Qe7 23. Rbf1 Rae8 24. Qc2 Rc8 25. b3 g5 26. Qd1 g4 27. fxe5 fxe5 28.
Rf5 Bxf5 29. Rxf5 Rxf5 30. Qxg4+ Kh8 31. exf5 Rg8 32. Qh5 Qg7 33. g4 e4 34.
Bxe4 Qe5+ 35. Kh3 Qf4 36. g5 Qf1+ 37. Kg3 Qe1+ 38. Kg2 Qd2+ 39. Kh3 Qe3+ 40.
Bf3 Rd8 41. f6 Qe6+ 42. Kg2 1-0

[Event "WECU Championship"]
[Site "Exmouth"]
[Date "2004.04.09"]
[Round "2"]
[White "Bareham, DC."]
[Black "Rudd, Jack"]
[Result "0-1"]
[WhiteElo "1984"]
[BlackElo "2256"]
[PlyCount "66"]
[EventDate "2004.??.??"]

1. e4 e5 2. d3 Nc6 3. Nf3 f5 4. Be2 Nf6 5. Nbd2 Bc5 6. O-O d6 7. c3 O-O 8. Qc2
Kh8 9. b4 Bb6 10. Nc4 Qe8 11. a4 a6 12. Nxb6 cxb6 13. Be3 Qd8 14. b5 Ne7 15.
Rab1 f4 16. Bc1 Bg4 17. Rd1 axb5 18. axb5 Qe8 19. d4 Nxe4 20. dxe5 dxe5 21.
Qxe4 Bf5 22. Qxe5 Bxb1 23. Bxf4 Ng6 24. Qxe8 Rfxe8 25. Be3 Bc2 26. Rc1 Bb3 27.
Bf1 Bd5 28. Nd2 Ra2 29. Rd1 h6 30. Bxb6 Rc2 31. Bd3 Rxd2 32. Rxd2 Re1+ 33. Bf1
Be4 {Time.} 0-1

[Event "WECU Championship"]
[Site "Exmouth"]
[Date "2004.04.09"]
[Round "2"]
[White "George, Ian M"]
[Black "Littlejohns, David"]
[Result "1/2-1/2"]
[WhiteElo "1984"]
[BlackElo "1864"]
[PlyCount "65"]
[EventDate "2004.??.??"]

1. e4 c6 2. d4 d5 3. e5 c5 4. c3 e6 5. Bd3 Nc6 6. Nf3 g6 7. O-O h5 8. Bg5 Be7
9. Bxe7 Qxe7 10. dxc5 Qxc5 11. Nbd2 Nge7 12. Nb3 Qb6 13. Re1 Bd7 14. Qd2 Qd8
15. Qf4 Nf5 16. Bxf5 gxf5 17. Nbd4 Nxd4 18. Qxd4 Rb8 19. h3 Bc6 20. a4 Qb6 21.
b4 Qxd4 22. cxd4 Ke7 23. Rec1 Rbc8 24. Ne1 b6 25. Nd3 Bb7 26. Rxc8 Rxc8 27. Rc1
Rc4 28. Rxc4 dxc4 29. Nc1 a6 30. Na2 b5 31. axb5 axb5 32. Nc3 Bc6 33. f4
1/2-1/2

[Event "WECU Championship"]
[Site "Exmouth"]
[Date "2004.04.09"]
[Round "2"]
[White "Gosling, Brian"]
[Black "Sherwin, James"]
[Result "0-1"]
[WhiteElo "1792"]
[BlackElo "2232"]
[PlyCount "62"]
[EventDate "2004.??.??"]

1. d4 Nf6 2. Nf3 g6 3. Nc3 d5 4. Bg5 Bg7 5. Bxf6 exf6 6. e4 dxe4 7. Nxe4 O-O 8.
Be2 Re8 9. Ng3 c5 10. O-O cxd4 11. Qxd4 Qc7 12. Qa4 Bd7 13. Bb5 Nc6 14. Rad1 a6
15. Be2 f5 16. Rfe1 f4 17. Rxd7 Qxd7 18. Qxf4 Bxb2 19. Rd1 Qe7 20. Bc4 Ne5 21.
Nxe5 Bxe5 22. Qf3 Rad8 23. Re1 b5 24. Rxe5 Qxe5 25. Bxf7+ Kh8 26. Bxe8 Rxe8 27.
h4 Qe7 28. Qc3+ Kg8 29. Qf3 a5 30. h5 Kg7 31. hxg6 hxg6 {The remaining moves
could not be deciphered. White resigned after 53 moves.} 0-1

[Event "WECU Championship"]
[Site "Exmouth"]
[Date "2004.04.10"]
[Round "3"]
[White "Talbot, Andrew R"]
[Black "Gosling, Brian"]
[Result "1-0"]
[WhiteElo "1936"]
[BlackElo "1792"]
[PlyCount "79"]
[EventDate "2004.??.??"]

1. d4 d5 2. c4 Bf5 3. Nc3 e6 4. e3 c6 5. Nf3 Nd7 6. Be2 Ngf6 7. O-O Bd6 8. b3
O-O 9. cxd5 exd5 10. Bb2 Ne4 11. Rc1 Qf6 12. Nxe4 Bxe4 13. Ne1 Qh6 14. g3 Rae8
15. Ng2 Bxg2 16. Kxg2 Nf6 17. Rc2 Ne4 18. Bc1 Qg6 19. Bd3 f5 20. Be2 Bb4 21.
Bh5 Qh6 22. Bxe8 Rxe8 23. f3 Nc3 24. Qd3 Nb5 25. e4 fxe4 26. fxe4 dxe4 27. Qc4+
Qe6 28. Qxb4 Qg6 29. Be3 Nd6 30. Rcf2 h5 31. Qc5 a6 32. Qg5 Qe6 33. Qxh5 g6 34.
Qd1 Nf5 35. Qc1 Kg7 36. Re2 Rh8 37. Qc3 Nh4+ 38. gxh4 Qg4+ 39. Kh1 Qxe2 40. d5+
1-0

[Event "WECU Championship"]
[Site "Exmouth"]
[Date "2004.04.10"]
[Round "3"]
[White "Hamperl, Fred"]
[Black "Wynarczyk, Raymond"]
[Result "1/2-1/2"]
[WhiteElo "1960"]
[BlackElo "1832"]
[PlyCount "35"]
[EventDate "2004.??.??"]

1. e4 c5 2. Nc3 d6 3. f4 a6 4. g3 Nc6 5. Bg2 g6 6. Nf3 Bg7 7. O-O e6 8. Ne2
Nge7 9. c3 O-O 10. d4 cxd4 11. Nexd4 Rb8 12. Be3 b5 13. Qd2 Bb7 14. Nxc6 Nxc6
15. Rad1 Na5 16. Ba7 Nc4 17. Qe2 Rc8 18. Bd4 1/2-1/2

[Event "WECU Championship"]
[Site "Exmouth"]
[Date "2004.04.10"]
[Round "3"]
[White "Barlow, R."]
[Black "Shire, David"]
[Result "1-0"]
[WhiteElo "1760"]
[BlackElo "1904"]
[PlyCount "73"]
[EventDate "2004.??.??"]

1. e4 e6 2. d4 d5 3. Nd2 Nf6 4. e5 Nfd7 5. Bd3 c5 6. c3 Nc6 7. Ne2 cxd4 8. cxd4
f6 9. exf6 Qxf6 10. Nf3 h6 11. O-O Bd6 12. Nc3 O-O 13. Be3 Rd8 14. a3 Nf8 15.
Qc2 Bd7 16. b4 Rac8 17. Rac1 Be8 18. Qd2 Bg6 19. Rfe1 Bh5 20. Be2 Ng6 21. Rcd1
Nf4 22. Bxf4 Bxf4 23. Qd3 Bg6 24. Qb5 Bc2 25. Qxb7 Bxd1 26. Rxd1 Nxd4 27. Nxd4
Rxc3 28. Qxa7 Be5 29. Nf3 Bb8 30. Qa5 Bc7 31. Qa6 e5 32. Qb7 e4 33. Nd4 Qe5 34.
g3 Qf6 35. Bg4 Bb6 36. Be6+ Kh8 37. Qxb6 1-0

[Event "WECU Championship"]
[Site "Exmouth"]
[Date "2004.04.10"]
[Round "3"]
[White "Jamieson, Ian"]
[Black "Fallowfield, Nicholas"]
[Result "1-0"]
[WhiteElo "2064"]
[BlackElo "1904"]
[PlyCount "97"]
[EventDate "2004.??.??"]

1. b3 e5 2. Bb2 d6 3. e3 Nf6 4. c4 g6 5. d4 Nbd7 6. Nc3 Bg7 7. dxe5 Nxe5 8. Nf3
O-O 9. Be2 Nfg4 10. Nxe5 Nxe5 11. O-O Re8 12. Qd2 Be6 13. f4 Ng4 14. Bf3 c6 15.
Rae1 Rb8 16. e4 Qh4 17. g3 Qh6 18. Nd1 Bxb2 19. Qxb2 Qg7 20. Qd2 h5 21. Ne3 Nf6
22. f5 Bd7 23. Qxd6 Rbd8 24. e5 Ne4 25. Bxe4 Bxf5 26. Nxf5 gxf5 27. Qc7 fxe4
28. Rxe4 f6 29. Qxg7+ Kxg7 30. exf6+ Kf7 31. Rxe8 Rxe8 32. Rf2 a5 33. Kg2 a4
34. h3 axb3 35. axb3 Re3 36. Rf3 Re2+ 37. Kf1 Re5 38. Kf2 b5 39. cxb5 cxb5 40.
g4 h4 41. Rf4 Rc5 42. Ke3 Rc3+ 43. Ke4 Rxh3 44. Kf5 Rg3 45. g5 h3 46. Rh4 Rf3+
47. Kg4 Rxb3 48. Rh7+ Kf8 49. g6 1-0

[Event "WECU Championship"]
[Site "Exmouth"]
[Date "2004.04.10"]
[Round "3"]
[White "Neat, Roger"]
[Black "George, Ian M"]
[Result "0-1"]
[WhiteElo "1600"]
[BlackElo "1984"]
[PlyCount "64"]
[EventDate "2004.??.??"]

1. d4 Nf6 2. Nf3 d6 3. Bf4 g6 4. Nbd2 Bg7 5. e3 O-O 6. Be2 Nh5 7. Bg3 Nxg3 8.
hxg3 c6 9. c3 Qc7 10. Qc2 Nd7 11. Bd3 e5 12. dxe5 Nxe5 13. Nxe5 dxe5 14. O-O-O
b5 15. Rh2 Qa5 16. Rdh1 h6 17. Bxg6 fxg6 18. Qxg6 Bf5 19. Qxc6 Qxa2 20. e4 Be6
21. Rxh6 Bxh6 22. Rxh6 Rac8 23. Qxe6+ Qxe6 24. Rxe6 Rxf2 25. Rxe5 a6 26. Rg5+
Kh7 27. Rd5 Rxg2 28. Rd7+ Kg8 29. Rd5 b4 30. Kc2 a5 31. Kb3 Rxg3 32. Nb1 Re3 {
time} 0-1

[Event "WECU Championship"]
[Site "Exmouth"]
[Date "2004.04.10"]
[Round "3"]
[White "Rudd, Jack"]
[Black "Simons, Martin"]
[Result "1/2-1/2"]
[WhiteElo "2256"]
[BlackElo "2256"]
[PlyCount "73"]
[EventDate "2004.??.??"]

1. e4 Nc6 2. d4 d5 3. Nc3 dxe4 4. d5 Ne5 5. Qd4 Ng6 6. Qxe4 Nf6 7. Qa4+ Bd7 8.
Qb3 Qc8 9. h4 e5 10. Bg5 Be7 11. h5 Nf8 12. Nf3 h6 13. Bh4 Bd6 14. O-O-O Nxh5
15. Re1 Ng6 16. g3 O-O 17. Bg5 hxg5 18. Nxg5 Nf6 19. Bd3 Bf5 20. Bc4 a6 21. f3
b5 22. Be2 Nd7 23. Nce4 Bxe4 24. fxe4 Nf6 25. Qf3 Qd7 26. Rh2 Rfe8 27. Reh1 Kf8
28. Bf1 Ke7 29. Bh3 Qd8 30. Bf5 Rh8 31. Nxf7 Kxf7 32. Bxg6+ Kxg6 33. Rxh8 Qxh8
34. Rxh8 Rxh8 35. Qf5+ Kf7 36. Qe6+ Kg6 37. Qf5+ 1/2-1/2

[Event "WECU Championship"]
[Site "Exmouth"]
[Date "2004.04.10"]
[Round "3"]
[White "Sherwin, James"]
[Black "Turner, Matthew"]
[Result "1/2-1/2"]
[WhiteElo "2232"]
[BlackElo "2512"]
[PlyCount "34"]
[EventDate "2004.??.??"]

1. Nf3 Nf6 2. d4 e6 3. c4 b6 4. a3 Bb7 5. Nc3 d5 6. cxd5 Nxd5 7. Qc2 Nxc3 8.
bxc3 Nd7 9. e4 Be7 10. Bd3 c5 11. Qe2 Qc7 12. O-O O-O 13. Rd1 Rfd8 14. h3 Rac8
15. Bb2 Qf4 16. Bc1 Qc7 17. Bb2 Qf4 1/2-1/2

[Event "WECU Championship"]
[Site "Exmouth"]
[Date "2004.04.10"]
[Round "3"]
[White "Bass, JW."]
[Black "Horner, Robin M"]
[Result "1/2-1/2"]
[WhiteElo "1928"]
[BlackElo "1928"]
[PlyCount "49"]
[EventDate "2004.??.??"]

1. d4 Nf6 2. Nf3 c5 3. d5 e6 4. c4 exd5 5. cxd5 d6 6. Nc3 g6 7. g3 Bg7 8. Bg2
O-O 9. O-O Re8 10. Bf4 Nh5 11. Bg5 Bf6 12. Bxf6 Nxf6 13. h3 b6 14. Nd2 Ba6 15.
a4 Qe7 16. Re1 Nbd7 17. Qc2 Ne5 18. Rad1 h6 19. Kh2 Kg7 20. f4 Neg4+ 21. hxg4
Nxg4+ 22. Kh1 Nf2+ 23. Kh2 Ng4+ 24. Kh1 Nf2+ 25. Kh2 1/2-1/2

[Event "WECU Championship"]
[Site "Exmouth"]
[Date "2004.04.10"]
[Round "3"]
[White "Littlejohns, David"]
[Black "Bareham, DC."]
[Result "0-1"]
[WhiteElo "1864"]
[BlackElo "1984"]
[PlyCount "120"]
[EventDate "2004.??.??"]

1. e4 c5 2. c3 d5 3. exd5 Qxd5 4. d4 Nc6 5. Nf3 Bg4 6. Be2 Nf6 7. Be3 cxd4 8.
Nxd4 Bxe2 9. Qxe2 Qxg2 10. Qf3 Qxf3 11. Nxf3 g6 12. Na3 Bg7 13. Nb5 O-O 14.
O-O-O Ng4 15. Rd7 Nxe3 16. fxe3 Bh6 17. Re1 Rab8 18. Nbd4 Nxd4 19. cxd4 Rfc8+
20. Kd2 Kf8 21. Rd5 f6 22. Kd3 Rc7 23. Rf1 e6 24. Rb5 Ke7 25. Nd2 f5 26. Nc4
Rbc8 27. b3 Bg7 28. a4 Rd8 29. a5 Rd5 30. Rxd5 exd5 31. Na3 a6 32. Nc2 Ke6 33.
Ra1 Bf8 34. Rb1 Bd6 35. h3 g5 36. Rg1 Kf6 37. Rg2 Kg6 38. Rg1 Kh5 39. Rh1 Kh4
40. Kd2 h6 41. Kd3 Kg3 42. Rf1 Rf7 43. Ne1 Bb4 44. Nf3 Rc7 45. Ne5 Rc3+ 46. Ke2
Rc2+ 47. Kd1 Rd2+ 48. Kc1 Bxa5 49. Rxf5 Rf2 50. Rxf2 Kxf2 51. Ng4+ Kg3 52. Nxh6
Kxh3 53. Kd1 g4 54. Ke2 g3 55. Kf1 Kh2 56. Ng4+ Kh1 57. Nf2+ gxf2 58. Kxf2 Bc7
59. e4 dxe4 60. Ke3 b5 0-1

[Event "WECU Championship"]
[Site "Exmouth"]
[Date "2004.04.10"]
[Round "3"]
[White "Dilleigh, Stephen"]
[Black "Taylor, Geoffrey P"]
[Result "0-1"]
[WhiteElo "2064"]
[BlackElo "1872"]
[PlyCount "82"]
[EventDate "2004.??.??"]

1. d4 d5 2. c4 e6 3. Nc3 Nf6 4. cxd5 exd5 5. Bg5 Be7 6. e3 O-O 7. Bd3 Nbd7 8.
Qc2 c6 9. Nf3 Re8 10. O-O h6 11. Bf4 Nf8 12. h3 Be6 13. Rab1 a5 14. a3 Rc8 15.
b4 axb4 16. axb4 b6 17. Ba6 Ng6 18. Bh2 Qd7 19. Bxc8 Rxc8 20. Qe2 Bf5 21. Rb2
Re8 22. Ne5 Nxe5 23. dxe5 Nh7 24. b5 c5 25. Rd1 d4 26. e4 Be6 27. f4 Qb7 28.
Nb1 c4 29. Kh1 d3 30. Qf3 f6 31. f5 Ng5 32. Qf1 Bc8 33. e6 Nxe4 34. Qe1 Qd5 35.
Nc3 Nxc3 36. Qxc3 Bb7 37. Rf1 Ra8 38. Bg1 Ra3 39. Qe1 c3 40. Qg3 cxb2 41. Qg6
Qxg2+ 0-1

[Event "WECU Championship"]
[Site "Exmouth"]
[Date "2004.04.10"]
[Round "4"]
[White "Gosling, Brian"]
[Black "Littlejohns, David"]
[Result "1-0"]
[WhiteElo "1792"]
[BlackElo "1864"]
[PlyCount "101"]
[EventDate "2004.??.??"]

1. d4 d5 2. Nf3 Nf6 3. e3 Bg4 4. c4 e6 5. Nbd2 c6 6. h3 Bxf3 7. gxf3 Nbd7 8. f4
g6 9. Bd3 Rc8 10. c5 b5 11. b4 a5 12. a3 a4 13. Bb2 Bg7 14. Qf3 Nh5 15. Rg1 f5
16. O-O-O Ndf6 17. Qg2 Qe7 18. Qf1 Kd7 19. Bxb5 cxb5 20. Qxb5+ Kd8 21. Qxa4 Ne4
22. f3 Nxd2 23. Rxd2 Qb7 24. Rc2 Ke7 25. Qb3 Ra8 26. c6 Qc7 27. a4 Rhb8 28. Kd2
Bf8 29. b5 Ke8 30. Ra1 Bd6 31. Kd3 Ra6 32. Qc3 Rab6 33. Bc1 Ra8 34. Bd2 Nf6 35.
Rca2 Ke7 36. Qb2 Qb8 37. Rb1 Qc7 38. Ke2 Rbb8 39. Qc2 Qa7 40. a5 Ne8 41. Ke1
Kf8 42. b6 Qa6 43. c7 Nxc7 44. bxc7 Rxb1+ 45. Qxb1 Bxc7 46. Qb4+ Kf7 47. Qa4
Bd8 48. Qd7+ Be7 49. Bb4 Ra7 50. Qa4 Bh4+ 51. Kd2 1-0